| 000 | 01151nab a22002297a 4500 | ||
|---|---|---|---|
| 999 |
_c5366 _d5366 |
||
| 003 | OSt | ||
| 005 | 20250225234137.0 | ||
| 008 | 190603e xxum|||| |||| 00| 0 spa d | ||
| 040 | _cPJ-TDF | ||
| 100 |
_96400 _aViviano Hidalgo, Marina |
||
| 245 | 1 | 3 |
_aEl silencio en la adopción. Una mirada interdisciplinaria / _cMarina Viviano Hidalgo. |
| 260 |
_cCiudad Autónoma de Buenos Aires : _aThomson Reuters La Ley, _b2024. |
||
| 300 | _ap. 135-138 | ||
| 500 | _aCita: TR LALEY AR/DOC/2699/2024. | ||
| 505 | _aSumario: I. Introducción.— II. Novela familiar.— III. El silencio como obstáculo en el proceso de vinculación.— IV. El silencio en la narrativa personal del niño.— V. El derecho sale a la cancha.— VI. Conclusión. | ||
| 505 | _t¿Te interesa el texto completo? Solicitalo al correo: koha@justierradelfuego.gov.ar | ||
| 650 | 0 |
_92741 _aDERECHOS DE LAS NIÑAS, NIÑOS Y ADOLESCENTES |
|
| 650 | 0 |
_92345 _aDERECHO A LA IDENTIDAD |
|
| 650 | 0 |
_9974 _aADOPCIÓN |
|
| 773 | 0 |
_02713 _93170 _dCiudad Autónoma de Buenos Aires : Thomson Reuters La Ley, 2015- _tRevista Código Civil y Comercial. Nº 6 - Diciembre 2024 |
|
| 942 |
_2udc _cANA |
||